[Event "Girls U14 Polish Youth Championship"]
[Site "chess24.com"]
[Date "2018.04.30"]
[Round "3"]
[White "Szczypawka, Aleksandra"]
[Black "Franek, Diana"]
[Result "1-0"]
[Board "14"]
[WhiteElo "1483"]
[WhiteCountry "POL"]
[WhiteFideId "21816794"]
[WhiteEloChange "3"]
[BlackElo "1190"]
[BlackCountry "POL"]
[BlackFideId "21856516"]
[BlackEloChange "-3"]

1. e4 {[%clk 1:30:57]} e5 {[%clk 1:30:55]} 2. Bc4 {[%clk 1:31:23]} Nc6 {[%clk
1:30:44]} 3. Nf3 {[%clk 1:31:24]} Bc5 {[%clk 1:30:48]} 4. d3 {[%clk 1:29:16]} d6
{[%clk 1:30:26]} 5. O-O {[%clk 1:27:46]} h6 {[%clk 1:29:25]} 6. c3 {[%clk
1:26:06]} Bg4 {[%clk 1:28:33]} 7. h3 {[%clk 1:26:25]} Bh5 {[%clk 1:28:24]} 8.
Nbd2 {[%clk 1:25:07]} Nf6 {[%clk 1:28:03]} 9. Bb3 {[%clk 1:25:17]} O-O {[%clk
1:25:53]} 10. Re1 {[%clk 1:25:33]} Re8 {[%clk 1:24:42]} 11. g4 {[%clk 1:23:43]}
Bg6 {[%clk 1:24:58]} 12. Nf1 {[%clk 1:23:05]} d5 {[%clk 1:23:45]} 13. exd5 {[%clk
1:14:30]} Nxd5 {[%clk 1:23:59]} 14. d4 {[%clk 1:11:11]} Bf8 {[%clk 1:18:22]} 15.
dxe5 {[%clk 1:10:05]} Nb6 {[%clk 1:18:08]} 16. Qxd8 {[%clk 1:07:54]} Raxd8 {[%clk
1:18:21]} 17. a3 {[%clk 1:04:42]} Rd3 {[%clk 1:13:09]} 18. Kg2 {[%clk 1:01:54]}
Na5 {[%clk 1:12:26]} 19. Bc2 {[%clk 1:01:42]} Rxf3 {[%clk 1:08:38]} 20. Bxg6
{[%clk 1:01:56]} Rxf2+ {[%clk 1:08:43]} 21. Kxf2 {[%clk 0:59:31]} fxg6 {[%clk
1:08:00]} 22. Bf4 {[%clk 0:59:24]} Nd5 {[%clk 1:07:04]} 23. Bg3 {[%clk 0:53:37]}
Nc4 {[%clk 1:03:49]} 24. Rab1 {[%clk 0:53:30]} Bc5+ {[%clk 1:02:54]} 25. Kg2
{[%clk 0:52:42]} Nde3+ {[%clk 1:02:49]} 26. Nxe3 {[%clk 0:51:49]} Nxe3+ {[%clk
1:01:02]} 27. Kh2 {[%clk 0:50:35]} Rd8 {[%clk 0:59:52]} 28. Re2 {[%clk 0:43:53]}
Nc4 {[%clk 0:57:02]} 29. Rbe1 {[%clk 0:43:39]} Nd2 {[%clk 0:56:50]} 30. Kg2
{[%clk 0:38:56]} Rd3 {[%clk 0:56:50]} 31. Rd1 {[%clk 0:39:07]} Be3 {[%clk
0:55:44]} 32. Be1 {[%clk 0:35:37]} Bf4 {[%clk 0:51:11]} 33. Bxd2 {[%clk 0:32:42]}
g5 {[%clk 0:51:12]} 34. Bxf4 {[%clk 0:32:16]} Rxd1 {[%clk 0:48:51]} 35. e6 {[%clk
0:32:16]} gxf4 {[%clk 0:48:51]} 36. e7 {[%clk 0:32:08]} f3+ {[%clk 0:48:36]} 37.
Kxf3 {[%clk 0:32:31]} Rf1+ {[%clk 0:48:05]} 38. Kg2 {[%clk 0:32:50]} Rf8 {[%clk
0:47:51]} 39. e8Q {[%clk 0:32:35]} Rxe8 {[%clk 0:48:36]} 40. Rxe8+ {[%clk
0:33:22]} Kf7 {[%clk 0:48:36]} 41. Rc8 {[%clk 0:33:45]} c6 {[%clk 0:48:38]} 42.
Rc7+ {[%clk 0:33:45]} Kf6 {[%clk 0:49:02]} 43. Rxb7 {[%clk 0:34:11]} Kg5 {[%clk
0:48:56]} 44. Rxg7+ {[%clk 0:34:27]} Kh4 {[%clk 0:49:17]} 45. g5 {[%clk 0:34:13]}
1-0

[Event "Girls U14 Polish Youth Championship"]
[Site "chess24.com"]
[Date "2018.04.30"]
[Round "3"]
[White "Matyjasek, Michalina"]
[Black "Slusarczyk, Milena"]
[Result "0-1"]
[Board "15"]
[WhiteElo "1361"]
[WhiteCountry "POL"]
[WhiteFideId "21816743"]
[WhiteEloChange "-8"]
[BlackElo "1449"]
[BlackCountry "POL"]
[BlackFideId "21820198"]
[BlackEloChange "8"]

1. d4 {[%clk 1:30:30]} d5 {[%clk 1:30:30]} 2. c4 {[%clk 1:30:30]} e6 {[%clk
1:30:30]} 3. Nc3 {[%clk 1:30:30]} c6 {[%clk 1:30:30]} 4. Nf3 {[%clk 1:30:30]}
dxc4 {[%clk 1:30:30]} 5. e3 {[%clk 1:30:30]} b5 {[%clk 1:30:30]} 6. a4 {[%clk
1:30:30]} Bb4 {[%clk 1:30:30]} 7. Bd2 {[%clk 1:30:30]} a5 {[%clk 1:30:30]} 8.
axb5 {[%clk 1:30:30]} Bxc3 {[%clk 1:30:30]} 9. Bxc3 {[%clk 1:30:30]} cxb5 {[%clk
1:30:30]} 10. b3 {[%clk 1:30:30]} Bb7 {[%clk 1:30:30]} 11. bxc4 {[%clk 1:30:30]}
b4 {[%clk 1:30:30]} 12. Bb2 {[%clk 1:30:30]} Nf6 {[%clk 1:30:30]} 13. c5 {[%clk
1:30:30]} O-O {[%clk 1:30:30]} 14. Bb5 {[%clk 1:30:30]} Bc6 {[%clk 1:30:30]} 15.
Ba4 {[%clk 1:30:30]} Qc7 {[%clk 1:30:30]} 16. h3 {[%clk 1:30:30]} Nbd7 {[%clk
1:30:30]} 17. O-O {[%clk 1:30:30]} Rfd8 {[%clk 1:30:30]} 18. Bxc6 {[%clk
1:30:30]} Qxc6 {[%clk 1:30:30]} 19. Qa4 {[%clk 1:30:30]} Nb8 {[%clk 1:30:30]} 20.
Nd2 {[%clk 1:30:30]} e5 {[%clk 1:30:30]} 21. Nc4 {[%clk 1:30:30]} exd4 {[%clk
1:30:30]} 22. exd4 {[%clk 1:30:30]} Qxa4 {[%clk 1:30:30]} 23. Rxa4 {[%clk
1:30:30]} Nc6 {[%clk 1:30:30]} 24. Rd1 {[%clk 1:30:30]} Ra7 {[%clk 1:30:30]} 25.
Nb6 {[%clk 1:30:30]} Nd5 {[%clk 1:30:30]} 26. Rc1 {[%clk 1:30:30]} h6 {[%clk
1:30:30]} 27. Nc4 {[%clk 1:30:30]} Nc7 {[%clk 1:30:30]} 28. Rd1 {[%clk 1:30:30]}
Nd5 {[%clk 1:30:30]} 29. Rc1 {[%clk 1:30:30]} Nf4 {[%clk 1:30:30]} 30. Rca1
{[%clk 1:30:30]} Nd3 {[%clk 1:30:30]} 31. Bc1 {[%clk 1:30:30]} Nxc1 {[%clk
1:30:30]} 32. Rxc1 {[%clk 1:30:30]} Rxd4 {[%clk 1:30:30]} 33. Nd6 {[%clk
1:30:30]} Rd5 {[%clk 1:30:30]} 34. Nc8 {[%clk 1:30:30]} Rc7 {[%clk 1:30:30]} 35.
Nd6 {[%clk 1:30:30]} Nd4 {[%clk 1:30:30]} 36. Ne4 {[%clk 1:30:30]} Ne2+ {[%clk
1:30:30]} 37. Kh2 {[%clk 1:30:30]} Nxc1 {[%clk 1:30:30]} 38. Rxa5 {[%clk
1:30:30]} Nd3 {[%clk 1:30:30]} 39. Rb5 {[%clk 1:30:30]} Rd4 {[%clk 1:30:30]} 40.
f3 {[%clk 1:30:30]} Rc4 {[%clk 1:30:30]} 41. Rb8+ {[%clk 1:30:30]} Kh7 {[%clk
1:30:30]} 42. Rb6 {[%clk 1:30:30]} Nxc5 {[%clk 1:30:30]} 43. Nxc5 {[%clk
1:30:30]} R7xc5 {[%clk 1:30:30]} 44. Rb7 {[%clk 1:30:30]} Rc7 {[%clk 1:30:30]}
45. Rb6 {[%clk 1:30:30]} Rd7 {[%clk 1:30:30]} 46. Kg1 {[%clk 1:30:30]} Rd3 {[%clk
1:30:30]} 47. Kf2 {[%clk 1:30:30]} Rc2+ {[%clk 1:30:30]} 48. Kg3 {[%clk 1:30:30]}
b3 {[%clk 1:30:30]} 49. Rb4 {[%clk 1:30:30]} b2 {[%clk 1:30:30]} 50. Rxb2 {[%clk
1:30:30]} Rxb2 {[%clk 1:30:30]} 0-1

[Event "Girls U14 Polish Youth Championship"]
[Site "chess24.com"]
[Date "2018.04.30"]
[Round "3"]
[White "Wojtas, Julia"]
[Black "Kaznowska, Weronika"]
[Result "1-0"]
[Board "16"]
[WhiteElo "1436"]
[WhiteCountry "POL"]
[WhiteFideId "21825394"]
[WhiteEloChange "3"]
[BlackElo "1131"]
[BlackCountry "POL"]
[BlackFideId "21816719"]
[BlackEloChange "-3"]

1. e4 {[%clk 1:30:58]} e5 {[%clk 1:30:55]} 2. Nf3 {[%clk 1:31:13]} d6 {[%clk
1:31:20]} 3. d4 {[%clk 1:30:43]} Nd7 {[%clk 1:31:40]} 4. Be3 {[%clk 1:27:02]} Be7
{[%clk 1:30:07]} 5. Be2 {[%clk 1:24:07]} Ngf6 {[%clk 1:29:06]} 6. Nbd2 {[%clk
1:22:52]} c6 {[%clk 1:28:21]} 7. O-O {[%clk 1:18:48]} O-O {[%clk 1:27:52]} 8. c3
{[%clk 1:17:47]} Qc7 {[%clk 1:27:34]} 9. Qc2 {[%clk 1:14:22]} Re8 {[%clk
1:26:25]} 10. a4 {[%clk 1:09:51]} Nf8 {[%clk 1:24:49]} 11. b4 {[%clk 1:08:45]} a6
{[%clk 1:24:00]} 12. a5 {[%clk 1:06:45]} Ng6 {[%clk 1:23:38]} 13. dxe5 {[%clk
1:04:41]} dxe5 {[%clk 1:22:56]} 14. Bb6 {[%clk 1:04:20]} Qd7 {[%clk 1:22:40]} 15.
Rfd1 {[%clk 1:03:06]} Nf4 {[%clk 1:22:04]} 16. Nc4 {[%clk 0:58:54]} Qg4 {[%clk
1:20:57]} 17. Bf1 {[%clk 0:55:12]} Nxe4 {[%clk 1:15:59]} 18. Ncxe5 {[%clk
0:53:15]} Qf5 {[%clk 1:14:58]} 19. g4 {[%clk 0:50:29]} Qe6 {[%clk 1:10:48]} 20.
Qxe4 {[%clk 0:48:24]} Ng6 {[%clk 1:10:08]} 21. Bc4 {[%clk 0:47:20]} Qf6 {[%clk
1:08:32]} 22. g5 {[%clk 0:44:44]} Qf5 {[%clk 1:08:06]} 23. Qxf5 {[%clk 0:45:04]}
Bxf5 {[%clk 1:08:29]} 24. Bxf7+ {[%clk 0:45:21]} Kh8 {[%clk 1:08:43]} 25. Nxg6+
{[%clk 0:45:40]} hxg6 {[%clk 1:09:00]} 26. Bxe8 {[%clk 0:45:57]} Rxe8 {[%clk
1:09:25]} 27. Re1 {[%clk 0:45:26]} Kg8 {[%clk 1:09:03]} 28. Bc5 {[%clk 0:45:28]}
Kf8 {[%clk 1:09:24]} 29. Rxe7 {[%clk 0:45:29]} Rxe7 {[%clk 1:09:47]} 30. Bxe7+
{[%clk 0:45:53]} Kxe7 {[%clk 1:09:57]} 31. Re1+ {[%clk 0:44:47]} Kd8 {[%clk
1:09:48]} 32. Ne5 {[%clk 0:45:00]} Kc7 {[%clk 1:09:16]} 33. f4 {[%clk 0:44:35]}
Bc2 {[%clk 1:09:12]} 34. h4 {[%clk 0:44:33]} Bf5 {[%clk 1:09:34]} 35. Nxg6 {[%clk
0:44:29]} Bxg6 {[%clk 1:09:56]} 36. Re7+ {[%clk 0:44:50]} Kb8 {[%clk 1:10:15]}
37. Rxg7 {[%clk 0:45:09]} Bd3 {[%clk 1:10:39]} 38. h5 {[%clk 0:45:19]} Ka7 {[%clk
1:10:38]} 39. h6 {[%clk 0:45:41]} Bc4 {[%clk 1:10:55]} 40. h7 {[%clk 0:46:01]}
Bd5 {[%clk 1:11:19]} 41. h8Q {[%clk 0:46:06]} c5 {[%clk 1:11:36]} 42. bxc5 {[%clk
0:44:57]} Bc6 {[%clk 1:11:57]} 43. Qc8 {[%clk 0:45:02]} Be4 {[%clk 1:12:13]} 44.
c6 {[%clk 0:45:06]} Bg2 {[%clk 1:10:51]} 45. Qxb7# {[%clk 0:45:26]} 1-0

[Event "Girls U14 Polish Youth Championship"]
[Site "chess24.com"]
[Date "2018.04.30"]
[Round "3"]
[White "Bychowska, Marta"]
[Black "Lukasik, Zuzanna"]
[Result "1/2-1/2"]
[Board "17"]
[WhiteElo "1114"]
[WhiteCountry "POL"]
[WhiteFideId "21889643"]
[WhiteEloChange "8"]
[BlackElo "1568"]
[BlackCountry "POL"]
[BlackFideId "21813906"]
[BlackEloChange "-8"]

1. e4 {[%clk 1:30:57]} c5 {[%clk 1:30:54]} 2. Nf3 {[%clk 1:31:21]} e6 {[%clk
1:31:02]} 3. d4 {[%clk 1:31:38]} cxd4 {[%clk 1:31:15]} 4. Nxd4 {[%clk 1:32:01]}
a6 {[%clk 1:31:21]} 5. c4 {[%clk 1:31:05]} Nc6 {[%clk 1:31:17]} 6. Nxc6 {[%clk
1:31:22]} bxc6 {[%clk 1:31:18]} 7. Bd3 {[%clk 1:31:37]} Nf6 {[%clk 1:30:50]} 8.
O-O {[%clk 1:31:16]} Qc7 {[%clk 1:29:03]} 9. Nc3 {[%clk 1:30:32]} Bb7 {[%clk
1:28:06]} 10. b3 {[%clk 1:29:10]} d5 {[%clk 1:24:27]} 11. exd5 {[%clk 1:27:19]}
cxd5 {[%clk 1:24:32]} 12. Bb2 {[%clk 1:26:22]} Rd8 {[%clk 1:15:35]} 13. Qe2
{[%clk 1:23:20]} Qc6 {[%clk 1:04:48]} 14. f3 {[%clk 1:21:12]} d4 {[%clk 0:57:59]}
15. Ne4 {[%clk 1:19:35]} Nxe4 {[%clk 0:51:55]} 16. Qxe4 {[%clk 1:18:08]} Qc7
{[%clk 0:42:57]} 17. Qe1 {[%clk 1:16:47]} Bd6 {[%clk 0:41:13]} 18. Qh4 {[%clk
1:10:35]} Be7 {[%clk 0:40:23]} 19. Qf2 {[%clk 1:09:43]} Qc5 {[%clk 0:37:16]} 20.
Qg3 {[%clk 1:01:08]} g6 {[%clk 0:32:37]} 21. Qf4 {[%clk 0:56:51]} Bg5 {[%clk
0:30:22]} 22. Qg3 {[%clk 0:55:06]} Be3+ {[%clk 0:29:10]} 23. Kh1 {[%clk 0:55:16]}
e5 {[%clk 0:26:00]} 24. Bc1 {[%clk 0:54:41]} O-O {[%clk 0:24:50]} 25. h4 {[%clk
0:53:44]} Rfe8 {[%clk 0:19:37]} 26. Be4 {[%clk 0:43:10]} Bxe4 {[%clk 0:17:11]}
27. fxe4 {[%clk 0:43:20]} Bxc1 {[%clk 0:16:12]} 28. Raxc1 {[%clk 0:43:21]} d3
{[%clk 0:14:17]} 29. Qf3 {[%clk 0:41:52]} Rd7 {[%clk 0:12:34]} 30. Rcd1 {[%clk
0:41:11]} Qd4 {[%clk 0:11:38]} 31. h5 {[%clk 0:40:10]} Re6 {[%clk 0:08:24]} 32.
Rd2 {[%clk 0:36:59]} Qc3 {[%clk 0:07:04]} 33. Rfd1 {[%clk 0:35:03]} Red6 {[%clk
0:06:27]} 34. c5 {[%clk 0:23:00]} Qxc5 {[%clk 0:04:07]} 35. Rxd3 {[%clk 0:23:17]}
Rd4 {[%clk 0:02:58]} 36. Rxd4 {[%clk 0:22:25]} exd4 {[%clk 0:03:00]} 37. h6
{[%clk 0:20:38]} Qh5+ {[%clk 0:02:04]} 38. Qxh5 {[%clk 0:20:52]} gxh5 {[%clk
0:02:26]} 39. Rc1 {[%clk 0:20:34]} f6 {[%clk 0:02:20]} 40. Rf1 {[%clk 0:20:08]}
d3 {[%clk 0:01:40]} 41. Rd1 {[%clk 0:20:07]} Kf7 {[%clk 0:01:02]} 42. Kg1 {[%clk
0:20:25]} Rd4 {[%clk 0:01:03]} 43. Kf2 {[%clk 0:20:30]} Rxe4 {[%clk 0:01:13]} 44.
Rxd3 {[%clk 0:20:42]} Re6 {[%clk 0:01:21]} 45. a4 {[%clk 0:20:22]} Kg6 {[%clk
0:01:29]} 46. b4 {[%clk 0:20:10]} Kxh6 {[%clk 0:01:24]} 47. b5 {[%clk 0:20:10]}
f5 {[%clk 0:00:57]} 48. Rc3 {[%clk 0:20:08]} axb5 {[%clk 0:00:44]} 49. axb5
{[%clk 0:20:27]} Kg5 {[%clk 0:00:42]} 50. Rc6 {[%clk 0:19:53]} Re5 {[%clk
0:00:48]} 51. Rb6 {[%clk 0:20:02]} Re4 {[%clk 0:00:40]} 52. Rb8 {[%clk 0:20:13]}
Rb4 {[%clk 0:00:45]} 53. b6 {[%clk 0:20:22]} Rb2+ {[%clk 0:00:57]} 54. Ke3 {[%clk
0:20:26]} Rb3+ {[%clk 0:00:40]} 55. Kd4 {[%clk 0:20:26]} Rb4+ {[%clk 0:00:40]}
56. Kc5 {[%clk 0:20:26]} Rb3 {[%clk 0:00:40]} 1/2-1/2

[Event "Girls U14 Polish Youth Championship"]
[Site "chess24.com"]
[Date "2018.04.30"]
[Round "3"]
[White "Kulpa, Karolina"]
[Black "Jedrzejko, Martyna"]
[Result "1/2-1/2"]
[Board "18"]
[WhiteElo "1288"]
[WhiteCountry "POL"]
[WhiteFideId "21836620"]
[WhiteEloChange "5"]
[BlackElo "1482"]
[BlackCountry "POL"]
[BlackFideId "21820422"]
[BlackEloChange "-5"]

1. d4 {[%clk 1:30:56]} d5 {[%clk 1:30:45]} 2. c4 {[%clk 1:30:59]} c6 {[%clk
1:30:57]} 3. Nf3 {[%clk 1:31:11]} Nf6 {[%clk 1:30:48]} 4. Nc3 {[%clk 1:31:10]} e6
{[%clk 1:31:04]} 5. Bg5 {[%clk 1:30:53]} Nbd7 {[%clk 1:30:33]} 6. cxd5 {[%clk
1:30:54]} cxd5 {[%clk 1:30:14]} 7. e3 {[%clk 1:30:31]} Be7 {[%clk 1:28:31]} 8.
Bd3 {[%clk 1:28:52]} O-O {[%clk 1:28:18]} 9. O-O {[%clk 1:29:05]} a6 {[%clk
1:26:44]} 10. Rc1 {[%clk 1:24:48]} b5 {[%clk 1:26:16]} 11. Ne2 {[%clk 1:20:23]}
Bb7 {[%clk 1:25:45]} 12. Bf4 {[%clk 1:17:43]} Rc8 {[%clk 1:24:06]} 13. Rxc8
{[%clk 1:14:51]} Qxc8 {[%clk 1:23:54]} 14. Qd2 {[%clk 1:12:52]} Qa8 {[%clk
1:23:39]} 15. Rc1 {[%clk 1:10:00]} Rc8 {[%clk 1:23:28]} 16. Rxc8+ {[%clk
1:06:25]} Qxc8 {[%clk 1:23:34]} 17. Qc2 {[%clk 1:05:19]} Qxc2 {[%clk 1:19:26]}
18. Bxc2 {[%clk 1:05:38]} Nb6 {[%clk 1:16:09]} 19. b3 {[%clk 1:02:56]} Nc8 {[%clk
1:14:04]} 20. Ne5 {[%clk 0:58:57]} Nd6 {[%clk 1:13:48]} 21. Nc3 {[%clk 0:55:54]}
Nh5 {[%clk 1:10:33]} 22. Bg3 {[%clk 0:52:51]} Nxg3 {[%clk 1:10:34]} 23. hxg3
{[%clk 0:53:05]} f6 {[%clk 1:06:04]} 24. Nd3 {[%clk 0:49:17]} Nf7 {[%clk
1:03:43]} 25. Nf4 {[%clk 0:44:43]} Nd8 {[%clk 1:02:21]} 26. Nd3 {[%clk 0:40:52]}
Nf7 {[%clk 1:00:47]} 27. Nf4 {[%clk 0:36:10]} Nd8 {[%clk 1:00:43]} 28. Nd3 {[%clk
0:35:01]} Nf7 {[%clk 1:00:55]} 29. Nf4 {[%clk 0:34:28]} Nd8 {[%clk 1:01:16]} 30.
Nd3 {[%clk 0:34:28]} Nf7 {[%clk 1:01:35]} 31. Nf4 {[%clk 0:34:40]} Nd8 {[%clk
1:02:00]} 1/2-1/2

[Event "Girls U14 Polish Youth Championship"]
[Site "chess24.com"]
[Date "2018.04.30"]
[Round "3"]
[White "Lewandowska, Weronika"]
[Black "Mucha, Marta"]
[Result "0-1"]
[Board "19"]
[WhiteElo "1219"]
[WhiteCountry "POL"]
[WhiteFideId "21814198"]
[WhiteEloChange "-5"]
[BlackElo "1432"]
[BlackCountry "POL"]
[BlackFideId "1195123"]
[BlackEloChange "5"]

1. d4 {[%clk 1:30:58]} d5 {[%clk 1:30:49]} 2. c4 {[%clk 1:31:23]} c6 {[%clk
1:30:46]} 3. Nf3 {[%clk 1:31:15]} Nf6 {[%clk 1:30:05]} 4. Nc3 {[%clk 1:31:10]}
Bf5 {[%clk 1:29:05]} 5. e3 {[%clk 1:29:55]} e6 {[%clk 1:28:32]} 6. Bd3 {[%clk
1:28:07]} Bg4 {[%clk 1:27:47]} 7. h3 {[%clk 1:26:34]} Bh5 {[%clk 1:27:02]} 8. O-O
{[%clk 1:25:11]} Bd6 {[%clk 1:26:49]} 9. a3 {[%clk 1:21:19]} O-O {[%clk 1:25:29]}
10. b4 {[%clk 1:17:46]} Re8 {[%clk 1:23:28]} 11. c5 {[%clk 1:15:12]} Bc7 {[%clk
1:23:41]} 12. Be2 {[%clk 1:13:42]} Nbd7 {[%clk 1:22:37]} 13. Bb2 {[%clk 1:11:42]}
Bg6 {[%clk 1:17:05]} 14. a4 {[%clk 1:05:10]} e5 {[%clk 1:16:18]} 15. b5 {[%clk
1:02:22]} e4 {[%clk 1:14:32]} 16. Nd2 {[%clk 1:01:28]} Bf5 {[%clk 1:11:12]} 17.
Re1 {[%clk 0:59:42]} Qc8 {[%clk 1:09:41]} 18. Nf1 {[%clk 0:57:16]} Nf8 {[%clk
1:06:43]} 19. g4 {[%clk 0:54:33]} Be6 {[%clk 1:04:14]} 20. a5 {[%clk 0:45:36]} h5
{[%clk 1:03:05]} 21. g5 {[%clk 0:42:32]} N6h7 {[%clk 1:02:52]} 22. h4 {[%clk
0:36:37]} Ng6 {[%clk 1:02:28]} 23. Ng3 {[%clk 0:35:45]} Nxh4 {[%clk 1:02:22]} 24.
Bxh5 {[%clk 0:34:53]} Nxg5 {[%clk 1:02:29]} 25. Kh1 {[%clk 0:33:14]} Ngf3 {[%clk
1:02:11]} 26. Re2 {[%clk 0:32:01]} Bh3 {[%clk 1:02:08]} 27. Bxf3 {[%clk 0:24:57]}
Nxf3 {[%clk 1:01:31]} 28. b6 {[%clk 0:24:18]} Bd8 {[%clk 1:00:45]} 29. Nf1 {[%clk
0:22:52]} Qg4 {[%clk 1:00:26]} 30. Ng3 {[%clk 0:23:02]} Qh4 {[%clk 1:00:37]} 31.
Nf5 {[%clk 0:18:16]} Bxf5+ {[%clk 1:00:58]} 32. Kg2 {[%clk 0:18:09]} Qh3# {[%clk
1:01:16]} 0-1

[Event "Girls U14 Polish Youth Championship"]
[Site "chess24.com"]
[Date "2018.04.30"]
[Round "3"]
[White "Cieslak, Jessica"]
[Black "Kudlak, Julia"]
[Result "0-1"]
[Board "20"]
[WhiteElo "1357"]
[WhiteCountry "POL"]
[WhiteFideId "21819521"]
[WhiteEloChange "-14"]
[BlackElo "1209"]
[BlackCountry "POL"]
[BlackFideId "21859990"]
[BlackEloChange "14"]

1. d4 {[%clk 1:30:30]} Nf6 {[%clk 1:30:44]} 2. c4 {[%clk 1:31:18]} g6 {[%clk
1:30:52]} 3. Nc3 {[%clk 1:31:31]} Bg7 {[%clk 1:30:53]} 4. e4 {[%clk 1:31:16]} d6
{[%clk 1:30:30]} 5. Nge2 {[%clk 1:30:52]} O-O {[%clk 1:29:29]} 6. Ng3 {[%clk
1:30:54]} e5 {[%clk 1:28:20]} 7. d5 {[%clk 1:30:54]} a5 {[%clk 1:27:11]} 8. Be2
{[%clk 1:26:00]} Ne8 {[%clk 1:16:39]} 9. h4 {[%clk 1:13:32]} f5 {[%clk 1:11:08]}
10. h5 {[%clk 1:13:44]} f4 {[%clk 1:08:43]} 11. hxg6 {[%clk 1:13:09]} fxg3 {[%clk
1:06:21]} 12. gxh7+ {[%clk 1:13:28]} Kh8 {[%clk 1:06:18]} 13. f3 {[%clk 1:13:43]}
c6 {[%clk 1:03:48]} 14. Be3 {[%clk 1:12:15]} Nd7 {[%clk 1:01:36]} 15. Qd2 {[%clk
1:10:32]} a4 {[%clk 0:59:11]} 16. Bd1 {[%clk 1:06:47]} a3 {[%clk 0:54:55]} 17. b3
{[%clk 1:06:43]} Qa5 {[%clk 0:46:33]} 18. Rc1 {[%clk 0:53:41]} Ndf6 {[%clk
0:39:26]} 19. Be2 {[%clk 0:37:54]} Bd7 {[%clk 0:35:14]} 20. Kd1 {[%clk 0:33:13]}
Rb8 {[%clk 0:33:00]} 21. dxc6 {[%clk 0:32:03]} bxc6 {[%clk 0:29:49]} 22. Kc2
{[%clk 0:32:07]} Qb4 {[%clk 0:28:14]} 23. Rh4 {[%clk 0:29:21]} d5 {[%clk
0:23:13]} 24. exd5 {[%clk 0:26:27]} cxd5 {[%clk 0:22:45]} 25. Nxd5 {[%clk
0:17:19]} Qxd2+ {[%clk 0:22:20]} 26. Kxd2 {[%clk 0:17:40]} Nxd5 {[%clk 0:21:56]}
27. cxd5 {[%clk 0:18:02]} Bb5 {[%clk 0:21:38]} 28. Bxb5 {[%clk 0:17:37]} Rxb5
{[%clk 0:19:50]} 29. Rc5 {[%clk 0:16:31]} Rxc5 {[%clk 0:19:05]} 30. Bxc5 {[%clk
0:16:51]} Rf7 {[%clk 0:19:21]} 31. Ra4 {[%clk 0:15:57]} Nf6 {[%clk 0:17:28]} 32.
d6 {[%clk 0:15:50]} Kxh7 {[%clk 0:15:34]} 33. Rxa3 {[%clk 0:16:11]} e4 {[%clk
0:15:34]} 34. fxe4 {[%clk 0:16:24]} Nxe4+ {[%clk 0:15:56]} 35. Ke3 {[%clk
0:16:28]} Nxc5 {[%clk 0:16:18]} 36. Ra5 {[%clk 0:16:34]} Nb7 {[%clk 0:16:23]} 37.
Rg5 {[%clk 0:16:27]} Nxd6 {[%clk 0:16:46]} 38. Rxg3 {[%clk 0:16:42]} Nf5+ {[%clk
0:17:11]} 0-1

[Event "Girls U14 Polish Youth Championship"]
[Site "chess24.com"]
[Date "2018.04.30"]
[Round "3"]
[White "Szewczyk, Malwina"]
[Black "Nowak, Roksana"]
[Result "0-1"]
[Board "21"]
[WhiteElo "1257"]
[WhiteCountry "POL"]
[WhiteFideId "21801649"]
[WhiteEloChange "-7"]
[BlackElo "1352"]
[BlackCountry "POL"]
[BlackFideId "21847991"]
[BlackEloChange "7"]

1. d4 {[%clk 1:30:55]} f5 {[%clk 1:30:54]} 2. Nf3 {[%clk 1:30:51]} Nf6 {[%clk
1:31:17]} 3. e3 {[%clk 1:30:34]} e6 {[%clk 1:31:37]} 4. Bd3 {[%clk 1:30:34]} b6
{[%clk 1:31:59]} 5. O-O {[%clk 1:30:49]} Bb7 {[%clk 1:32:25]} 6. b3 {[%clk
1:31:08]} Be7 {[%clk 1:32:47]} 7. c4 {[%clk 1:31:27]} O-O {[%clk 1:33:07]} 8.
Nbd2 {[%clk 1:31:53]} Qe8 {[%clk 1:33:15]} 9. Re1 {[%clk 1:31:58]} Bb4 {[%clk
1:33:29]} 10. Bb2 {[%clk 1:32:00]} Qg6 {[%clk 1:33:07]} 11. Re2 {[%clk 1:29:20]}
Bxd2 {[%clk 1:29:53]} 12. Rxd2 {[%clk 1:29:44]} d6 {[%clk 1:29:56]} 13. b4 {[%clk
1:28:49]} Nbd7 {[%clk 1:30:10]} 14. Ba3 {[%clk 1:28:26]} Rac8 {[%clk 1:26:54]}
15. c5 {[%clk 1:22:11]} dxc5 {[%clk 1:19:36]} 16. bxc5 {[%clk 1:22:19]} bxc5
{[%clk 1:19:18]} 17. dxc5 {[%clk 1:22:40]} Bc6 {[%clk 1:19:40]} 18. Rb1 {[%clk
1:22:43]} Rb8 {[%clk 1:19:55]} 19. Bc4 {[%clk 1:22:35]} Rxb1 {[%clk 1:15:37]} 20.
Qxb1 {[%clk 1:20:43]} Bxf3 {[%clk 1:15:34]} 21. g3 {[%clk 1:21:06]} Bc6 {[%clk
1:13:09]} 22. Bxe6+ {[%clk 1:21:24]} Kh8 {[%clk 1:12:49]} 23. Bxf5 {[%clk
1:21:39]} Qf7 {[%clk 1:10:29]} 24. g4 {[%clk 1:19:47]} Ne5 {[%clk 0:57:10]} 25.
Rc2 {[%clk 1:16:15]} Nf3+ {[%clk 0:55:10]} 26. Kf1 {[%clk 1:16:32]} Nxh2+ {[%clk
0:55:31]} 27. Ke1 {[%clk 1:16:52]} Nfxg4 {[%clk 0:53:31]} 28. Bxg4 {[%clk
1:16:20]} Nxg4 {[%clk 0:53:17]} 29. Qb2 {[%clk 1:16:17]} Rd8 {[%clk 0:52:07]} 30.
Rd2 {[%clk 1:15:12]} Rxd2 {[%clk 0:50:39]} 31. Qxd2 {[%clk 1:15:32]} Qd7 {[%clk
0:50:00]} 32. Qb2 {[%clk 1:14:53]} Nf6 {[%clk 0:49:33]} 33. Bb4 {[%clk 1:14:28]}
Ba4 {[%clk 0:46:15]} 34. Bd2 {[%clk 1:14:27]} Qg4 {[%clk 0:44:40]} 35. Qc1 {[%clk
1:10:20]} Qg1+ {[%clk 0:44:54]} 36. Ke2 {[%clk 1:10:40]} Qxc1 {[%clk 0:45:13]}
37. Bxc1 {[%clk 1:11:02]} Ne4 {[%clk 0:45:26]} 38. Ba3 {[%clk 1:10:08]} Nc3+
{[%clk 0:45:48]} 39. Kd3 {[%clk 1:10:25]} Nxa2 {[%clk 0:45:56]} 40. f4 {[%clk
1:10:31]} Kg8 {[%clk 0:46:04]} 41. e4 {[%clk 1:10:49]} Kf7 {[%clk 0:46:17]} 42.
f5 {[%clk 1:10:57]} g6 {[%clk 0:46:02]} 43. fxg6+ {[%clk 1:11:17]} hxg6 {[%clk
0:46:24]} 44. e5 {[%clk 1:11:43]} Ke6 {[%clk 0:46:46]} 45. Kd4 {[%clk 1:12:08]}
Bc6 {[%clk 0:46:38]} 46. Bb2 {[%clk 1:12:01]} Nb4 {[%clk 0:46:49]} 47. Kc4 {[%clk
1:12:27]} Nd5 {[%clk 0:46:57]} 48. Kd3 {[%clk 1:12:46]} a5 {[%clk 0:47:04]} 49.
Ke4 {[%clk 1:13:04]} Nb4+ {[%clk 0:47:12]} 50. Ke3 {[%clk 1:13:19]} a4 {[%clk
0:46:48]} 51. Ke2 {[%clk 1:13:25]} g5 {[%clk 0:46:59]} 52. Kf1 {[%clk 1:13:27]}
Kd5 {[%clk 0:47:15]} 53. Ba3 {[%clk 1:13:31]} Nc2 {[%clk 0:47:24]} 54. Bb2 {[%clk
1:13:51]} Kxc5 {[%clk 0:47:49]} 55. Ke2 {[%clk 1:14:08]} a3 {[%clk 0:48:06]} 56.
Bc3 {[%clk 1:14:27]} a2 {[%clk 0:48:20]} 0-1